LIBRARY ONLINE CATALOGUE

Utilisation of micro finance institutions funds by borrowers in arid and semi-arid lands in Kenya : (Record no. 15357)

MARC details
000 -LEADER
fixed length control field 00690cam a22001932 4500
001 - CONTROL NUMBER
control field 0000023418
005 - DATE AND TIME OF LATEST TRANSACTION
control field 20151217161556.0
008 - FIXED-LENGTH DATA ELEMENTS--GENERAL INFORMATION
fixed length control field 121127s xx 000 0 eng d
040 ## - CATALOGING SOURCE
Original cataloging agency KABU
Transcribing agency KABU
100 1# - MAIN ENTRY--PERSONAL NAME
Personal name Taragon, Geoffrey.
-- 0000182801
245 10 - TITLE STATEMENT
Title Utilisation of micro finance institutions funds by borrowers in arid and semi-arid lands in Kenya :
Remainder of title a survey of Maralal town.
260 ## - PUBLICATION, DISTRIBUTION, ETC. (IMPRINT)
Place of publication, distribution, etc. Nakuru :
Name of publisher, distributor, etc. Kabarak University,
Date of publication, distribution, etc. 2012.
300 ## - PHYSICAL DESCRIPTION
Extent xi, 39 leaves +
Accompanying material 1 CD-ROM.
502 ## - DISSERTATION NOTE
Dissertation note Thesis (MBA) - Kabarak University, 2012.
650 #0 - SUBJECT ADDED ENTRY--TOPICAL TERM
Topical term or geographic name as entry element Microfinance
Geographic subdivision Kenya.
-- 0000182793
908 ## - PUT COMMAND PARAMETER (RLIN)
Put command parameter 121127
950 ## - LOCAL HOLDINGS (RLIN)
-- 1
Holdings
Withdrawn status Lost status Source of classification or shelving scheme Not for loan Home library Current library Date acquired Total Checkouts Full call number Barcode Date last seen Date last checked out Price effective from Koha item type
    Library of Congress Classification   Kabarak, Main Campus Kabarak, Main Campus 17/12/2015 1 HG178.33 .K46T37 2012 c.1 014142 07/04/2016 06/04/2016 17/12/2015 Thesis, Dissertation and Projecs